00996nam a2200301Ia 450000500170000000800410001702000180005804100080007610000370008424500660012125000360018730000250022349000140024850000450026265000380030765000400034565000360038565000320042170000390045394200150049226400380050733600270054533700330057233800280060504000350063308400110066899900150067920220317001858.0170410s9999 xx 000 0 und d a9789942052391 aspa1 aYourcenar, Marguerited1903-198710aFuegoscMarguerite Yourcenar ; traducción de Emma Calatayud a1a. edición, 1a reimpresión a173 páginasc19 cm aNarrativa aIncluye datos biográficos de la autora142LEMBaPoesía francesaySiglo XX142LEMBaLiteratura francesaySiglo XX142LEMBaPasión en la literatura142LEMBaAmor en la literatura1 aCalatayud, Emmaetraductora978315 2loccBKLIT aGuayaquilbPunto de lecturac2013 atextobtxt2rdacontent asin mediaciónbn2rdamedia avolumenbnc2rdacarrier aCO-BoRNBPbspaerdacCO-BoRNBP aP YOU1 c8401d8401